Search the scriptures: (Record no. 17178)

000 -LEADER
fixed length control field 00518nam a2200169 a 4500
001 - CONTROL NUMBER
control field :::00020903$&:&@@
003 - CONTROL NUMBER IDENTIFIER
control field OkBaRHE
005 - DATE AND TIME OF LATEST TRANSACTION
control field 20040216154640.0
008 - FIXED-LENGTH DATA ELEMENTS--GENERAL INFORMATION
fixed length control field s1975 j 000 0 eng u
040 ## - CATALOGING SOURCE
Transcribing agency
100 1# - MAIN ENTRY--PERSONAL NAME
Personal name Navigators
245 10 - TITLE STATEMENT
Title Search the scriptures:
Remainder of title an approach to chapter analysis Bible study.
260 ## - PUBLICATION, DISTRIBUTION, ETC. (IMPRINT)
Place of publication, distribution, etc Colorado Springs, CO
Name of publisher, distributor, etc Navpress
Date of publication, distribution, etc 1975
300 ## - PHYSICAL DESCRIPTION
Extent 71 p.
942 ## - ADDED ENTRY ELEMENTS (KOHA)
Source of classification or shelving scheme
Koha item type Books
Copies
Source of classification or shelving scheme Not for loan Copy number Permanent Location Price effective from Barcode Damaged status Date acquired Withdrawn status Full call number Lost status Koha item type Date last seen Shelving location
  1RHEMA Bible Training College2010-04-1420903 2010-04-14 BS 600 .N3 Books2010-04-14General Stacks